000 00311nam a22001457a 4500
003 SGT
020 _a978-93-87964-10-5
082 _a618.92
_bG19P
100 _aPAUL, VINOD K.
245 _aGHAI ESSENTIAL PEDIATRICS
250 _a9TH
260 _aINDIA
_bCBS
_c2019
300 _a798
942 _2ddc
_cBK
_017
999 _c16546
_d16546